书目信息 |
| 题名: |
城市温室气体清单研究
|
|
| 作者: | 蔡博峰 , 刘春兰 , 刘操操 编著 | |
| 分册: | ||
| 出版信息: | 北京 化学工业出版社 2009 |
|
| 页数: | 191页 | |
| 开本: | 26cm | |
| 丛书名: | ||
| 单 册: | ||
| 中图分类: | X16 | |
| 科图分类: | ||
| 主题词: | 城市--温室效应--研究 , 城市 , 温室效应 | |
| 电子资源: | ||
| ISBN: | 978-7-122-05682-5 | |
| 000 | 01032nam0 2200277 45 | |
| 005 | 20100303144311.34 | |
| 010 | @a978-7-122-05682-5@dCNY49.00 | |
| 100 | @a20100121d2009 em y0chiy0110 ea | |
| 101 | 0 | @achi |
| 102 | @aCN@b110000 | |
| 105 | @ay z 000yy | |
| 106 | @ar | |
| 200 | 1 | @a城市温室气体清单研究@ACheng Shi Wen Shi Qi Ti Qing Dan Yan Jiu@dCity's greenhouse gas(GHG) emission inventory research@f蔡博峰,刘春兰,陈操操等编著@FCai Bo Feng, Liu Chun Lan, Chen Cao Cao Deng Bian Zhu@zeng |
| 210 | @a北京@c化学工业出版社@d2009 | |
| 215 | @a191页@c图@d26cm | |
| 330 | @a本书介绍了城市温室气体清单研究的思路、方法、原则和目前新思想、新理论和新动向。 | |
| 510 | 1 | @aCity's greenhouse gas(GHG) emission inventory research@zeng |
| 606 | 0 | @a城市@x温室效应@x研究 |
| 606 | 0 | @a城市 |
| 606 | 0 | @a温室效应 |
| 690 | @aX16@v4 | |
| 701 | 0 | @a蔡博峰@ACai Bo Feng@4编著 |
| 701 | 0 | @a刘春兰@ALiu Chun Lan@4编著 |
| 701 | 0 | @a刘操操@ALiu Cao Cao@4编著 |
| 801 | 0 | @aCN@bTANGWEI@c20100303 |
| 905 | @b0585666-70@dX16@e183@f5 | |
| 城市温室气体清单研究=City's greenhouse gas(GHG) emission inventory research/蔡博峰,刘春兰,陈操操等编著.-北京:化学工业出版社,2009 |
| 191页:图;26cm |
| ISBN 978-7-122-05682-5:CNY49.00 |
| 本书介绍了城市温室气体清单研究的思路、方法、原则和目前新思想、新理论和新动向。 |
| ● |
| 相关链接 |
|
|
|
|
正题名:城市温室气体清单研究
索取号:X16/183
 
预约/预借
| 序号 | 登录号 | 条形码 | 馆藏地/架位号 | 状态 | 备注 |
| 1 | 0585666 | 205856661 | 第二样本阅览室/ [索取号:X16/183] | 在馆 | |
| 2 | 0585667 | 205856670 | 第三借阅区/ [索取号:X16/183] | 在馆 | |
| 3 | 0585668 | 205856689 | 第三借阅区/ [索取号:X16/183] | 在馆 | |
| 4 | 0585669 | 205856698 | 第三借阅区/ [索取号:X16/183] | 在馆 | |
| 5 | 0585670 | 205856705 | 第三借阅区/ [索取号:X16/183] | 在馆 |